Internal Combustion Engines / (Record no. 13403)
[ view plain ]
| 000 -LEADER | |
|---|---|
| fixed length control field | 00356cam a2200133ua 4500 |
| 020 ## - INTERNATIONAL STANDARD BOOK NUMBER | |
| ISBN | 9788189928469 |
| 082 ## - DEWEY DECIMAL CLASSIFICATION NUMBER | |
| Classification number | 621.43 |
| Item number | MAT/IN |
| 100 ## - MAIN ENTRY--AUTHOR NAME | |
| Personal name | M.L, Mathur . |
| 100 ## - MAIN ENTRY--AUTHOR NAME | |
| Personal name | R.P, Sharma . |
| 245 00 - TITLE STATEMENT | |
| Title | Internal Combustion Engines / |
| 260 ## - PUBLICATION, DISTRIBUTION, ETC. (IMPRINT) | |
| Place of publication | New Delhi : |
| Name of publisher | Dhanpat Rai Publishing Co. Pvt. Ltd. , |
| Year of publication | 2012 |
| 300 ## - PHYSICAL DESCRIPTION | |
| Number of Pages | 1010 ; . |
| 942 ## - ADDED ENTRY ELEMENTS (KOHA) | |
| Koha item type | Books |
| Withdrawn status | Lost status | Damaged status | Home library | Current library | Date acquired | Full call number | Accession Number | Koha item type | Collection code | Shelving location | Source of acquisition | Cost, normal purchase price |
|---|---|---|---|---|---|---|---|---|---|---|---|---|
| KAUAET | KAUAET | 07/04/2012 | 621.43 | 22142 | Books | |||||||
| KAUAET | KAUAET | 17/10/2012 | 621.43 MAT/IN | BB 172 | Book Bank scheme for SC students | Non-fiction | Scheme | Penta Books Distributors, Calicut. | 290.00 | |||
| KAUAET | KAUAET | 17/10/2012 | 621.43 MAT/IN | BB 173 | Book Bank scheme for SC students | Non-fiction | Scheme | Penta Books Distributors, Calicut. | 290.00 | |||
| KAUAET | KAUAET | 30/03/2013 | 621.43 MAT/IN | 23708 | Books | Non-fiction | General Stacks | Calicut Book Distributors | 295.00 | |||
| KAUAET | KAUAET | 22/08/2016 | 621.43 MAT/IN | BB 312 | Book Bank scheme for SC students | Scheme | Aman Book Stall, Calicut | 305.00 | ||||
| KAUAET | KAUAET | 05/09/2018 | 621.43 MAT/IN | BB 106 | Book Bank scheme for SC students | Scheme | ||||||
| KAUAET | KAUAET | 11/09/2018 | 621.43 MAT/IN | BB 107 | Book Bank scheme for SC students | Scheme |
